Statistics for Cities Capitals #1

Click here to take the quiz!

General Stats

  • This quiz has been taken 16 times
  • The average score is 5 of 10

Answer Stats

CityAnswer% Correct
NiceParis
100%
ClujBucharest
63%
IquitosLima
63%
KeflavikReykjavik
63%
ValparaisoSantiago
63%
CuencaQuito
56%
PulaZagreb
50%
DebrecenBudapest
44%
TelaTegucigalpa
25%
HuamboLuanda
13%

Score Distribution

Percentile by Number Answered

Percent of People with Each Score

Your Score History

You have not taken this quiz